|
|
|
|
| LEADER |
00000nas a22000007a 4500 |
| 001 |
ssj0008098 |
| 003 |
WaSeSS |
| 005 |
20200512172242.0 |
| 006 |
m d |
| 007 |
cr n |
| 008 |
050614c19769999dcubr pss 0 a0eng c |
| 010 |
|
|
|a 2006212151
|
| 022 |
|
|
|a 1930-3998
|l 0364-474X
|y 0364-474X
|
| 035 |
|
|
|a (WaSeSS)ssj0008098
|
| 037 |
|
|
|b Edison Electric Institute, 701 Pennsylvania Ave., NW, Washington, DC 20006
|
| 040 |
|
|
|a OCLCS
|b eng
|c OCLCS
|d NSD
|d OCLCQ
|d BNG
|d AU@
|d OCLCQ
|d OCLCO
|d OCLCF
|d OCLCO
|d OCLCQ
|d AUD
|d OCLCE
|d CEF
|d UAB
|d YOU
|d WaSeSS
|
| 042 |
|
|
|a nsdp
|a pcc
|
| 043 |
|
|
|a n-us---
|
| 050 |
|
4 |
|a HD9685.U4
|b E38
|
| 082 |
0 |
4 |
|a 363.6/2
|
| 130 |
0 |
|
|a Electric perspectives (Online)
|
| 222 |
|
0 |
|a Electric perspectives
|b (Online)
|
| 245 |
1 |
0 |
|a Electric perspectives
|h [electronic resource].
|
| 260 |
|
|
|a [Washington, D.C., etc.] :
|b [Edison Electric Institute]
|
| 310 |
|
|
|a Bimonthly,
|b 1990-
|
| 321 |
|
|
|a Bimonthly,
|b <1976->
|
| 321 |
|
|
|a 4 no. a year,
|b <1988>
|
| 321 |
|
|
|a 5 issues a year,
|b 1989
|
| 362 |
1 |
|
|a Print began with 1976.
|
| 506 |
|
|
|a License restrictions may limit access.
|
| 538 |
|
|
|a Mode of access: World Wide Web.
|
| 555 |
|
|
|a 1976-1984. 1 v.
|
| 588 |
|
|
|a Description based on print version record.
|
| 588 |
|
|
|a Latest issue consulted: Vol. 31, no. 1 (Jan./Feb. 2006) (viewed Edison Electric Institute website Mar. 2, 2006).
|
| 650 |
|
0 |
|a Electric utilities
|z United States
|v Periodicals.
|
| 650 |
|
0 |
|a Electric industries
|z United States
|v Periodicals.
|
| 650 |
|
7 |
|a Electric industries.
|2 fast
|0 (OCoLC)fst00904915
|
| 650 |
|
7 |
|a Electric utilities.
|2 fast
|0 (OCoLC)fst00905974
|
| 651 |
|
7 |
|a United States.
|2 fast
|0 (OCoLC)fst01204155
|
| 655 |
|
0 |
|a Electronic journals.
|
| 710 |
2 |
|
|a Edison Electric Institute.
|
| 776 |
1 |
|
|t Electric perspectives
|x 0364-474X
|w (DLC) 80645213
|w (OCoLC)2390088
|
| 780 |
0 |
2 |
|t EEI bulletin
|
| 856 |
4 |
0 |
|z Full text available from Research Library: 01/01/1995 to present
|u https://search.proquest.com/publication/37578
|